Lávka pre peších a cyklistov cez Laborec v Meste Humenné

Salvato in:
Dettagli Bibliografici
Autore principale: Soukup, Matej (Autore)
Altri autori: Magura, Martin (Relatore della tesi)
Natura: Manoscritto Libro
Lingua:slovacco
Pubblicazione: 2025
Soggetti:
Accesso online:http://is.stuba.sk/zp/portal_zp.pl?podrobnosti=181947
CRZP
Tags: Aggiungi Tag
Nessun Tag, puoi essere il primo ad aggiungerne!!

MARC

LEADER 00000ntm a22000003a 4500
001 stuzp106150
003 SK-STU
005 20250731152722.9
007 ta
008 150427s2015----xo-----f-mn---000-0-slo-d
040 |a STU  |b slo 
041 0 |a slo 
100 1 |a Soukup, Matej  |u 010190  |4 aut  |U SvF Stavebná fakulta  |T SvF Katedra kovových a drevených konštrukcií  |X 112203  |U V190  |Y 21  |7 112203 
242 0 1 |a Pedestrian and cyclist bridge over the Laborec River in the city of Humenné  |y eng 
245 1 0 |a Lávka pre peších a cyklistov cez Laborec v Meste Humenné 
260 |c 2025 
650 4 |a steel  |2 eng 
650 4 |a cycle bridge  |2 eng 
650 4 |a arch structure  |2 eng 
650 4 |a footbridge  |2 eng 
650 4 |a cable-stayed structure  |2 eng 
650 4 |a zavesená konštrukcia  |2 slo 
650 4 |a oblúková konštrukcia  |2 slo 
650 4 |a oceľ  |2 slo 
650 4 |a lávka  |2 slo 
650 4 |a cyklomost  |2 slo 
700 1 |a Magura, Martin  |u 010190  |k Z8  |4 ths  |U SvF Stavebná fakulta  |T SvF Katedra kovových a drevených konštrukcií  |X 2620  |U V190  |Y 21  |7 A000002620 
856 4 |u http://is.stuba.sk/zp/portal_zp.pl?podrobnosti=181947 
856 4 |u https://opac.crzp.sk/?fn=detailBiblioForm&sid=226A7A544DA3649F66573CE9F6D0  |z CRZP